Метаморфизм горных пород главной вулканогенной зоны Урала: сборник статей

التفاصيل البيبلوغرافية
مؤلف مشترك: Академия наук СССР (АН СССР) Уральский филиал (УФ) Институт геологии и геохимии (ИГГ)
مؤلفون آخرون: Иванов С. Н. Сергей Несторович (редактор)
اللغة:الروسية
منشور في: Москва, Наука, 1969
الموضوعات:
التنسيق: كتاب
KOHA link:https://koha.lib.tpu.ru/cgi-bin/koha/opac-detail.pl?biblionumber=161385

MARC

LEADER 00000nam0a2200000 4500
001 161385
005 20231031155907.0
035 |a (RuTPU)RU\TPU\book\175000 
090 |a 161385 
100 |a 20090608d1969 k y0rusy50 ca 
101 0 |a rus 
102 |a RU 
105 |a a z 001zy 
200 1 |a Метаморфизм горных пород главной вулканогенной зоны Урала  |e сборник статей  |f Академия наук СССР (АН СССР), Уральский филиал (УФ), Институт геологии и геохимии (ИГГ) ; под ред. С. Н. Иванова 
210 |a Москва  |c Наука  |d 1969 
215 |a 228 с.  |c ил. 
320 |a Библиогр. в конце ст. 
610 1 |a горные породы 
610 1 |a метаморфические горные породы 
610 1 |a Урал 
610 1 |a вулканология 
610 1 |a метаморфизм 
610 1 |a петрография 
675 |a 552.4  |v 3 
702 1 |a Иванов  |b С. Н.  |g Сергей Несторович  |4 340 
712 0 2 |a Академия наук СССР (АН СССР)  |b Уральский филиал (УФ)  |b Институт геологии и геохимии (ИГГ)  |c (Свердловск)  |2 stltpush  |3 (RuTPU)RU\TPU\col\13849 
801 1 |a RU  |b 63413507  |c 20090608  |g PSBO 
801 2 |a RU  |b 63413507  |c 20100125  |g RCR 
942 |c BK